<?xml version="1.0" encoding="UTF-8" ?>
<collection xmlns="http://www.loc.gov/MARC21/slim"><record><leader>01509nam a2200349   4500</leader><controlfield tag="001">231609</controlfield><controlfield tag="003">CH-000273-5</controlfield><controlfield tag="005">20260311170228.0</controlfield><datafield tag="020" ind1=" " ind2=" "><subfield code="a">978-3-7913-7660-8</subfield><subfield code="q">English trade edition</subfield></datafield><datafield tag="020" ind1=" " ind2=" "><subfield code="a">978-3-7913-9177-9</subfield><subfield code="q">English museum edition</subfield></datafield><datafield tag="040" ind1=" " ind2=" "><subfield code="a">CH-000273-5</subfield><subfield code="b">ger</subfield><subfield code="e">rda</subfield></datafield><datafield tag="041" ind1="0" ind2=" "><subfield code="a">eng</subfield></datafield><datafield tag="100" ind1="1" ind2=" "><subfield code="a">Model, Lisette</subfield><subfield code="d">1901-1983</subfield><subfield code="e">Fotograf</subfield><subfield code="4">pht</subfield></datafield><datafield tag="245" ind1="1" ind2="0"><subfield code="a">Lisette Model</subfield><subfield code="b">retrospective</subfield><subfield code="c">edited by Walter Moser ; texts by Damarice Amao [und 6 weiteren]</subfield></datafield><datafield tag="250" ind1=" " ind2=" "><subfield code="a">1st edition</subfield></datafield><datafield tag="264" ind1=" " ind2="1"><subfield code="a">München</subfield><subfield code="a">London</subfield><subfield code="a">New York</subfield><subfield code="b">Prestel</subfield><subfield code="c">2025</subfield></datafield><datafield tag="300" ind1=" " ind2=" "><subfield code="a">256 Seiten</subfield><subfield code="c">30 cm</subfield></datafield><datafield tag="336" ind1=" " ind2=" "><subfield code="a">Text</subfield><subfield code="b">txt</subfield><subfield code="2">rdacontent</subfield></datafield><datafield tag="336" ind1=" " ind2=" "><subfield code="a">unbewegtes Bild</subfield><subfield code="b">sti</subfield><subfield code="2">rdacontent</subfield></datafield><datafield tag="337" ind1=" " ind2=" "><subfield code="a">ohne Hilfsmittel zu benutzen</subfield><subfield code="b">n</subfield><subfield code="2">rdamedia</subfield></datafield><datafield tag="338" ind1=" " ind2=" "><subfield code="a">Band</subfield><subfield code="b">nc</subfield><subfield code="2">rdacarrier</subfield></datafield><datafield tag="600" ind1="1" ind2="7"><subfield code="a">Model, Lisette</subfield><subfield code="d">1901-1983</subfield><subfield code="x">Schwarzweißfotografie</subfield><subfield code="2">gnd</subfield></datafield><datafield tag="655" ind1=" " ind2="7"><subfield code="a">Ausstellungskatalog</subfield><subfield code="x">Albertina</subfield><subfield code="y">30.10.2025-22.02.2026</subfield><subfield code="z">Wien</subfield><subfield code="2">gnd-content</subfield></datafield><datafield tag="655" ind1=" " ind2="7"><subfield code="a">Ausstellungskatalog</subfield><subfield code="x">Versicherungskammer Kulturstiftung. Kunstfoyer</subfield><subfield code="y">18.03.2026-07.07.2026</subfield><subfield code="z">München</subfield><subfield code="2">gnd-content</subfield></datafield><datafield tag="655" ind1=" " ind2="7"><subfield code="a">Bildband</subfield><subfield code="2">gnd-content</subfield></datafield><datafield tag="700" ind1="1" ind2=" "><subfield code="a">Moser, Walter</subfield><subfield code="d">1979-</subfield><subfield code="e">Herausgeber</subfield><subfield code="4">edt</subfield></datafield><datafield tag="700" ind1="1" ind2=" "><subfield code="a">Amao, Damarice</subfield><subfield code="d">1984-</subfield><subfield code="e">Verfasser</subfield><subfield code="4">aut</subfield></datafield><datafield tag="710" ind1="2" ind2=" "><subfield code="a">Albertina</subfield><subfield code="e">Veranstalter</subfield><subfield code="4">orm</subfield></datafield><datafield tag="710" ind1="2" ind2=" "><subfield code="a">Versicherungskammer Kulturstiftung</subfield><subfield code="b">Kunstfoyer</subfield><subfield code="e">Gastgebende Institution</subfield><subfield code="4">his</subfield></datafield><datafield tag="775" ind1="0" ind2="8"><subfield code="i">Deutsche Buchhandelsausgabe</subfield><subfield code="t">Lisette Model</subfield><subfield code="z">978-3-7913-7659-2</subfield></datafield><datafield tag="775" ind1="0" ind2="8"><subfield code="i">Deutsche Museumsausgabe</subfield><subfield code="t">Lisette Model</subfield><subfield code="z">978-3-7913-9178-6</subfield></datafield><datafield tag="852" ind1="4" ind2=" "><subfield code="a">CH-000273-5</subfield><subfield code="c">G 2026/0031</subfield></datafield></record></collection>